000 00551nam a22001937a 4500
005 20151106124934.0
010 _aPUN-7784
020 _c150.00
035 _aPN-6902
037 _aunistar books
082 _a851
100 _aਤੇਜਿੰਦਰ ਸਿੰਘ ਬਾਜ
245 _aਗੁਆਚਿਆ ਮਨੁੱਖ
246 _aGuachiya Manukh
_bby Tajinder Singh Baaj
250 _a2011
260 _aChandigarh
_bUnistar Books
300 _aPg.102
_b22cmਸਜਿਲਦ
942 _2ddc
_cPN
_h851
_kਤੇਜਿੰਦ
999 _c98108
_d98108